Closest country through the alphabet - Statistics

General Stats
  • This quiz has been taken 1,794 times
    1,723 since last reset
  • The average score is 16 of 23
Answer Stats
Letter Distance (km) Answer % Correct
B 2005 Bahrain
87%
F 4995 France
80%
Q 2284 Qatar
80%
O 5515 Oman
79%
G 878 Germany
78%
H 688 Hungary
78%
E 555 Eritrea
77%
J 2351 Jordan
77%
Y 4236 Yemen
77%
D 2760 Djibouti
76%
Z 3847 Zambia
75%
I 812 Italy
74%
K 1186 Kuwait
71%
L 1284 Lebanon
70%
C 1921 Cyprus
69%
P 1810 Pakistan
69%
T 1154 Turkey
64%
R 3128 Romania
62%
V 1679 Vatican City
62%
S 448 Serbia
59%
M 1526 Macedonia
58%
U 1186 Ukraine
58%
N 1694 Netherlands
47%
No matching quizzes found
Score Distribution
Percent of People with Each Score
Percentile by Number Answered
Your Score History
You have not taken this quiz since the last reset